Giving the past a future (Record no. 84842)

MARC details
000 -LEADER
fixed length control field 00837cab a22002415a 4500
001 - CONTROL NUMBER
control field L159236
008 - FIXED-LENGTH DATA ELEMENTS--GENERAL INFORMATION
fixed length control field 150113e2014 xxk 000 0 eng d
035 ## - SYSTEM CONTROL NUMBER
System control number (Sirsi) u159236
041 0# - LANGUAGE CODE
Language code of text/sound track or separate title eng
050 ## - LIBRARY OF CONGRESS CALL NUMBER
Classification number 333.3307 $2 18
100 1# - MAIN ENTRY--PERSONAL NAME
Personal name Craig, Ewan
245 00 - TITLE STATEMENT
Title Giving the past a future
Medium [electronic resource]
260 ## - PUBLICATION, DISTRIBUTION, ETC.
Date of publication, distribution, etc. 2014
490 ## - SERIES STATEMENT
Series statement RICS Building Surveying Journal
Volume/sequential designation December 2014 - January 2015, 26(1)
520 ## - SUMMARY, ETC.
Summary, etc. Talks about the optional competency of conservation and restoration.
650 24 - SUBJECT ADDED ENTRY--TOPICAL TERM
Topical term or geographic name entry element APC
9 (RLIN) 6216
650 24 - SUBJECT ADDED ENTRY--TOPICAL TERM
Topical term or geographic name entry element Conservation and restoration
651 #4 - SUBJECT ADDED ENTRY--GEOGRAPHIC NAME
Geographic name United Kingdom
Chronological subdivision
690 ## - LOCAL SUBJECT ADDED ENTRY--TOPICAL TERM (OCLC, RLIN)
Topical term or geographic name as entry element APC
9 (RLIN) 6216
690 ## - LOCAL SUBJECT ADDED ENTRY--TOPICAL TERM (OCLC, RLIN)
Topical term or geographic name as entry element Building surveying
9 (RLIN) 6225
856 40 - ELECTRONIC LOCATION AND ACCESS
Uniform Resource Identifier <a href="https://www.rics.org/Global/Building_Surveying_Journal_December_2014_January_2015.pdf">https://www.rics.org/Global/Building_Surveying_Journal_December_2014_January_2015.pdf</a>
Public note View the article free of charge at www.rics.org...
942 ## - ADDED ENTRY ELEMENTS (KOHA)
Suppress in OPAC 0
Holdings
Withdrawn status Lost status Source of classification or shelving scheme Damaged status Not for loan Home library Current library Shelving location Date acquired Total Checkouts Full call number Barcode Date last seen Copy number Price effective from Koha item type
    Dewey Decimal Classification     London London Journal article 22/03/2016   L159236 159236-1001 06/08/2019 1 06/08/2019 Journal article
    Dewey Decimal Classification     Virtual Virtual Online 22/03/2016   ONLINE PUBLICATION 159236-2001 06/08/2019 1 06/08/2019 Journal article